000
00317nam a22001337a 4500
008
180309b xxu||||| |||| 00| 0 eng d
020
_a
0865542058
041
_a
eng
080
_a
316
100
_a
50
101
_a
SOC
245
_a
Daughters of Jefferson, Daughters of Bootblacks
_c
Andolsen, B.B
942
_2
udc
_c
BK
999
_c
44529
_d
44529